000 00299nam a2200145Ia 4500
100 _aSathe/Shaileesh R
650 _aAlgorithms
942 _cBK
366 _f25
245 _aFoundations of algorithms
260 _bPenram
_c2014
300 _a418
546 _aENGLISH
_cComputers
999 _c34968
_d34968